Phương pháp daÌ£y hoÌ£c hóa hoÌ£c Giáo triÌ€nh duÌ€ng cho các trươÌ€ng Cao đẳng sư phaÌ£m TâÌ£p hai

TriÌ€nh baÌ€y những vấn đêÌ€ đaÌ£i cương vaÌ€ cơ bản nhất của phương pháp daÌ£y hoÌ£c hóa hoÌ£c ở trươÌ€ng phổ thông: đối tươÌ£ng, phương pháp, nhiêÌ£m vuÌ£ vaÌ€ các phương pháp tổ chức giảng daÌ£y...

Fuld beskrivelse

Đã lưu trong:
Bibliografiske detaljer
Hovedforfatter: Nguyễn, Cương
Andre forfattere: Nguyễn, MaÌ£nh Dung
Format: Bog
Sprog:Undetermined
Udgivet: H. Giáo dục 2001
Fag:
Online adgang:http://lrc.tdmu.edu.vn/opac/search/detail.asp?aID=2&ID=7189
Tags: Tilføj Tag
Ingen Tags, Vær først til at tagge denne postø!
Thư viện lưu trữ: Trung tâm Học liệu Trường Đại học Thủ Dầu Một
LEADER 01372nam a2200241Ia 4500
001 TDMU_7189
008 210410s9999 xx 000 0 und d
082 |a 540.71 
090 |b NG528 
100 |a Nguyễn, Cương 
245 0 |a Phương pháp daÌ£y hoÌ£c hóa hoÌ£c 
245 0 |b Giáo triÌ€nh duÌ€ng cho các trươÌ€ng Cao đẳng sư phaÌ£m 
245 0 |c Nguyễn Cương (chủ biên), Nguyễn MaÌ£nh Dung, Nguyễn ThiÌ£ Sửu 
245 0 |n TâÌ£p hai 
260 |a H. 
260 |b Giáo duÌ£c 
260 |c 2001 
300 |a 111tr. 
520 |a TriÌ€nh baÌ€y những vấn đêÌ€ đaÌ£i cương vaÌ€ cơ bản nhất của phương pháp daÌ£y hoÌ£c hóa hoÌ£c ở trươÌ€ng phổ thông: đối tươÌ£ng, phương pháp, nhiêÌ£m vuÌ£ vaÌ€ các phương pháp tổ chức giảng daÌ£y 
650 |a Hóa hoÌ£c; Phương pháp daÌ£y hoÌ£c; Phương pháp daÌ£y hoÌ£c - Hóa hoÌ£c 
700 |a Nguyễn, MaÌ£nh Dung 
856 |u http://lrc.tdmu.edu.vn/opac/search/detail.asp?aID=2&ID=7189 
980 |a Trung tâm Học liệu Trường Đại học Thủ Dầu Một